La economia manda, la política obedece (Registro nro. 18055)
[ vista simple ]
| 000 -LEADER | |
|---|---|
| fixed length control field | 00362 a2200121 4500 |
| 001 - CONTROL NUMBER | |
| control field | ART_12811 |
| 005 - DATE AND TIME OF LATEST TRANSACTION | |
| control field | 20260410161733.0 |
| 008 - FIXED-LENGTH DATA ELEMENTS--GENERAL INFORMATION | |
| fixed length control field | 260409a |
| 100 1# - MAIN ENTRY--PERSONAL NAME | |
| Personal name | Pablo, Juan Carlos de |
| 245 10 - TITLE STATEMENT | |
| Title | La economia manda, la política obedece |
| 700 1# - ADDED ENTRY--PERSONAL NAME | |
| Personal name | Fraga, Rosendo |
| 773 0# - HOST ITEM ENTRY | |
| Title | Ejecutivos de finanzas |
| Related parts | - Año 7, Nº 60 (oct. 1989) |
| Record control number | REV2863 |
No hay ítems disponibles.